| 000 | 00371nam a22001337a 4500 | ||
|---|---|---|---|
| 008 | 131203b xxu||||| |||| 00| 0 eng d | ||
| 020 | _a0719520509 | ||
| 100 |
_aIngrams, Doreen _94904 |
||
| 245 | _aA Time in Arabia | ||
| 260 |
_aLondon _bJohn Murray _c1970 |
||
| 300 |
_a154p. _c22cm |
||
| 650 |
_aArabia, Southern - Description & travel _94905 |
||
| 942 |
_2lcc _cMONOGRAPH |
||
| 999 |
_c119013 _d119013 |
||